Sanat - "Minä suojelen sinua kaikelta" - Ultra Bra - Statistics

Yleistilastot
  • Tätä visaa on pelattu 100 kertaa
  • Keskiarvotulos 47 / 76
Vastaustilastot
Vastaus % Oikein
ole
99%
Minä
97%
suojelen
97%
ikinä
95%
kaikelta
95%
Mitä
95%
sinua
95%
pelätä
92%
Ei
91%
ei
91%
sellaista
89%
minun
88%
käteni
86%
keksitkin
86%
hento
85%
Jota
85%
pimeää
85%
torjuisi
80%
Olen
70%
Olen
70%
Olen
70%
Olen
70%
Olen
70%
Olen
70%
Ja
69%
Ja
69%
Ja
69%
aamuna
61%
aamuna
61%
nähnyt
59%
sumuisena
59%
sumuisena
59%
eksynyt
58%
yli
58%
yli
58%
Kölnin
57%
laiturilla
57%
laiturilla
57%
tuomiokirkon
57%
Latviassa
55%
seissyt
55%
seissyt
55%
Seurasaareen
55%
kolme
54%
hiihtänyt
53%
jään
51%
kahviloissa
50%
Jossa
49%
minut
49%
Mutta
49%
reunan
49%
tunnetaan
49%
hiljaa
47%
kaupungin
47%
Kävellyt
47%
ajanut
46%
kaupunkiin
46%
takaisin
46%
kuitenkin
45%
Soutanut
45%
ihmisten
43%
juhliin
43%
katoavani
43%
kuullut
43%
lopulta
43%
Luulin
43%
vieraiden
43%
Ensin
42%
pääsin
42%
äänet
41%
kaukaisten
41%
laivojen
41%
soutuveneellä
41%
kahlannut
39%
rantaveteen
39%
hiomavaunulla
36%
Ehtoja vastaavia visoja ei löytynyt
Tulosjakauma
Jokaisen tuloksen saaneiden osuus
Persentiili vastausten määrän mukaan
Tuloshistoriasi
Et ole pelannut tätä visaa